00684nam a2200205 a 450000500170000000800410001704000120005804100080007010000240007824501360010226000530023830000100029165000360030165000190033765000290035666200260038570000210041170000280043270000180046020200104041558.0140127b2004 ck ||||| |||| 00| 0 spa d cCO-BoIH aspa aHernandez P., Sarah aIncentivos a la conservación y uso sostenible de la biodiversidad en los Andes colombianos en el contexto de sistemas productivos aBogotábInstituto Alexander von Humboldtc2004 a63 p. aConservación de biodiversidad aUso sostenible aSistemas de producción aColombiacZona Andina aMurtinho, Felipe aRodríguez, Jean Carlo aBorda, Carlos